[Event "1st Serbian League Men"]
[Site "Zlatibor SRB"]
[Date "2007.08.21"]
[Round "1"]
[White "Tadic,B"]
[Black "Kovacevic,A"]
[Result "1/2-1/2"]
[WhiteElo "2500"]
[BlackElo "2566"]

1.d4 Nf6 2.Nf3 e6 3.c4 c5 4.d5 d6 5.Nc3 exd5 6.cxd5 g6 7.e4 a6 8.h3 b5 9.Bd3 Bg7
10.O-O O-O 11.Re1 Re8 12.a3 Nbd7 13.Bg5 Qb6 14.Qd2 Bb7 15.b4 Rac8 16.Rac1 Qa7
17.Bf4 Qb8 18.Bh2 Ne5 19.Nxe5 dxe5 20.bxc5 Rxc5 21.Ne2 Bf8 22.Qb2 Nd7 23.Nd4 Rxc1
24.Rxc1 Nc5 25.Bc2 Bd6 26.Ne2 Bc8 27.Rb1 Bd7 28.Kh1 Qc7 29.f3 Rc8 30.Rc1 f6
31.f4 Re8 32.fxe5 Bxe5 33.Bxe5 Qxe5 34.Qxe5 Rxe5 35.Nd4 Nxe4 36.Nf3 Re8 37.Bxe4 Rxe4
38.Rc7  1/2-1/2

[Event "Dato Arthur Tan Malaysian Op"]
[Site "Kuala Lumpur MAS"]
[Date "2007.08.26"]
[Round "11"]
[White "Jones,B"]
[Black "Mohan,R"]
[Result "1-0"]
[WhiteElo "2084"]
[BlackElo "1986"]

1.d4 Nf6 2.c4 c5 3.d5 e6 4.Nc3 exd5 5.cxd5 d6 6.Nf3 g6 7.Bf4 Bg7 8.Qa4+ Bd7
9.Qb3 Qc7 10.Nd2 O-O 11.Nc4 Ne8 12.a4 Na6 13.e3 Nb4 14.Rd1 Rd8 15.Be2 a6
16.O-O b5 17.axb5 Bxb5 18.Nxb5 axb5 19.Na3 Qe7 20.Bxb5 g5 21.Bg3 f5 22.f3 f4
23.exf4 gxf4 24.Rfe1 Qf6 25.Bf2 Qxb2 26.Qxb2 Bxb2 27.Nc4 Nc7 28.Bc6 Bf6 29.Nxd6 Nc2
30.Bxc5 Nxe1 31.Rxe1 Na6 32.Ba3 Bd4+ 33.Kf1 Be3 34.Nb7 Rb8 35.Bxf8 Kxf8 36.g3  1-0

[Event "1st Serbian League Men"]
[Site "Zlatibor SRB"]
[Date "2007.09.01"]
[Round "11"]
[White "Bulajic,R"]
[Black "Vratonjic,S"]
[Result "1/2-1/2"]
[WhiteElo "2321"]
[BlackElo "2453"]

1.d4 Nf6 2.c4 e6 3.Nf3 c5 4.d5 exd5 5.cxd5 d6 6.Nc3 a6 7.a4 g6 8.g3 Bg7 9.Bg2 O-O
10.O-O Nbd7 11.Bf4 Qe7 12.e4 Ng4 13.Nd2 Nge5 14.Qe2 Rb8 15.Be3 Nf6 16.h3 Ne8
17.f4 Nd7 18.Nc4 b6 19.e5 dxe5 20.fxe5 Nxe5 21.Bf4 f6  1/2-1/2

[Event "4th LGA Premium Cup"]
[Site "Nuernberg GER"]
[Date "2007.09.06"]
[Round "1"]
[White "Braun,A"]
[Black "Eibl,M"]
[Result "1-0"]
[WhiteElo "2540"]
[BlackElo "1920"]

1.d4 Nf6 2.c4 e6 3.Nf3 c5 4.d5 exd5 5.cxd5 d6 6.Nc3 g6 7.e4 Bg7 8.Be2 O-O
9.Nd2 Re8 10.O-O g5 11.Qc2 Na6 12.Nc4 Nb4 13.Qb1 b5 14.Nd2 Bd7 15.a3 Na6
16.Nxb5 Qe7 17.Nc3 Nc7 18.Re1 Rab8 19.Qc2 Nb5 20.Bxb5 Bxb5 21.Nxb5 Rxb5 22.Re3 Qd7
23.Nc4 Nh5 24.Bd2 Nf4 25.g3 Ng6 26.Bc3 Bxc3 27.Qxc3 Ne5 28.Nxe5 Rxe5 29.f4 Re8
30.Rf1 g4 31.Rf2 Qb7 32.Qf6 Qe7 33.Qf5 Reb8 34.Ree2 R8b6 35.e5 Qf8 36.e6 fxe6
37.Qxg4+ Kh8 38.dxe6  1-0

[Event "LNA Copa Puma"]
[Site "Argentina ARG"]
[Date "2007.09.15"]
[Round "6"]
[White "Lallee,C"]
[Black "Cordiviola,J"]
[Result "1/2-1/2"]
[WhiteElo "2147"]
[BlackElo "1833"]

1.d4 e6 2.c4 Nf6 3.Nf3 c5 4.d5 exd5 5.cxd5 d6 6.Nc3 g6 7.e4 Bg7 8.h3 O-O
9.Bd3 a6 10.a4 Qc7 11.O-O Nbd7 12.Bf4 Re8 13.Re1 Rb8 14.Nd2 Ne5 15.Bf1 Nfd7
16.Bh2 g5 17.Qh5 h6 18.f4 gxf4 19.Bxf4 Nf6 20.Qd1 Ng6 21.Bg3 Nd7 22.Nc4 Nde5
23.Ne3 Qe7 24.Qh5 Qg5 25.Qxg5 hxg5  1/2-1/2

[Event "17th Senior WCh"]
[Site "Gmunden AUT"]
[Date "2007.09.19"]
[Round "3"]
[White "Plachetka,J"]
[Black "Oei,HI"]
[Result "1-0"]
[WhiteElo "2412"]
[BlackElo "2208"]

1.d4 Nf6 2.c4 e6 3.Nc3 c5 4.d5 exd5 5.cxd5 d6 6.Nf3 g6 7.e4 Bg7 8.Bg5 h6
9.Bh4 O-O 10.Nd2 Re8 11.Be2 a6 12.a4 Nbd7 13.O-O g5 14.Bg3 Ne5 15.Qc2 Ng6
16.Nc4 Nf4 17.Rfe1 Ng4 18.Bxg4 Bxg4 19.f3 Bh5 20.a5 Rc8 21.Ne2 Nxe2+ 22.Rxe2 Bf8
23.Ra3 Rc7 24.Rb3 Rd7 25.Rb6 Bg6 26.Re3 h5 27.h3 h4 28.Bh2 Qf6 29.Qc3 Qd8
30.Qd2 f5 31.exf5 Rxe3 32.Nxe3 Bf7 33.Ng4 Bg7 34.Kh1  1-0

[Event "27th Open"]
[Site "Munich GER"]
[Date "2007.10.06"]
[Round "8"]
[White "Terekhov,A"]
[Black "Lammers,M"]
[Result "1/2-1/2"]
[WhiteElo "2318"]
[BlackElo "2335"]

1.d4 Nf6 2.c4 c5 3.d5 e6 4.Nf3 exd5 5.cxd5 d6 6.Nc3 g6 7.e4 a6 8.a4 Bg4 9.Be2 Nbd7
10.O-O Bg7 11.Bf4 Qe7 12.Nd2 Bxe2 13.Qxe2 Nh5 14.Be3 O-O 15.a5 Rae8 16.Rfe1 Qh4
17.g3 Qd8 18.Nc4 Ne5 19.Nxe5 Bxe5 20.Bh6 Ng7 21.f4 Bd4+ 22.Kg2 f5 23.Qd2 Qf6
24.Ra4 fxe4 25.Nxe4 Qf7 26.Bxg7 Qxg7 27.Nxd6 Qd7 28.Rxe8 Qxa4 29.Rxf8+ Kxf8  1/2-1/2

[Event "FSIM October"]
[Site "Budapest HUN"]
[Date "2007.10.16"]
[Round "11"]
[White "Ignacz,M"]
[Black "Cooke,E"]
[Result "1-0"]
[WhiteElo "2223"]
[BlackElo "2253"]

1.d4 Nf6 2.c4 e6 3.Nf3 c5 4.d5 exd5 5.cxd5 d6 6.Nc3 g6 7.g3 Bg7 8.Bg2 O-O
9.O-O a6 10.a4 Re8 11.h3 Nbd7 12.Nd2 Rb8 13.Nc4 Ne5 14.Nxe5 Rxe5 15.a5 b5
16.axb6 Rxb6 17.e4 Rb4 18.Re1 a5 19.Bf4 Re8 20.Qc1 Qb6 21.e5 dxe5 22.Bxe5 Bd7
23.d6 Rxe5 24.Rxe5 Qxd6 25.Re2 Qb6 26.Qe1 Rd4 27.Rd1 Be6 28.Ra1 h5 29.Rd2 Kh7
30.Ne2 Rb4 31.Nf4 Bf5 32.Rad1 h4 33.Qe7 hxg3 34.fxg3 c4+ 35.Kh2 Rxb2 36.Rd6 Qc5
37.Qxf7 Qe5 38.Qxc4 Be4 39.R6d2 Rb4 40.Qe6 Qc3 41.Bxe4 Rxe4 42.Qf7 Rxf4 43.gxf4 Qf3
44.Rg1 Qxf4+ 45.Kh1 Qe4+ 46.Rdg2 g5 47.Qa2 Qf3 48.Qf2 Qd5 49.Rf1 Kh8 50.Qf5 Qc6
51.Qxg5  1-0

[Event "3rd Arctic Cup"]
[Site "Salekhard RUS"]
[Date "2007.10.17"]
[Round "10"]
[White "Rassokhina,E"]
[Black "Zapankova,G"]
[Result "1-0"]
[WhiteElo "1984"]
[BlackElo "1857"]

1.d4 e6 2.c4 Nf6 3.Nf3 c5 4.d5 d6 5.Nc3 exd5 6.cxd5 Bf5 7.e4 Bg4 8.Be2 Nbd7
9.O-O Be7 10.Nh4 Bxe2 11.Qxe2 g6 12.f4 O-O 13.Nf3 Nb6 14.b3 Re8 15.Bb2 Bf8
16.Qd3 Rc8 17.Nd2 Bg7 18.Rae1 a6 19.Nc4 Nxc4 20.bxc4 Nd7 21.Nd1 Bxb2 22.Nxb2 Qa5
23.a4 Rb8 24.Qc2 b5 25.axb5 axb5 26.cxb5 Rxb5 27.Nc4 Qc7 28.e5 dxe5 29.fxe5 Rb4
30.Qf2 Nf8 31.Nd6 Re7 32.Nf5 gxf5 33.d6 Qd7 34.dxe7 Qxe7 35.Qxf5 c4 36.Qg4+ Ng6
37.Qc8+ Kg7 38.e6 Qa7+ 39.Kh1 fxe6 40.Qxe6 Qc7 41.Qf6+ Kh6 42.Re3 Rb5 43.Rh3+ Rh5
44.Rxh5+ Kxh5 45.Rf5+ Kh6 46.Rf3 Kh5 47.Rh3+ Kg4 48.Rg3+  1-0

[Event "TCh-ROU Superliga"]
[Site "Predeal ROU"]
[Date "2007.10.18"]
[Round "6"]
[White "Mateuta,G"]
[Black "Valeanu,E"]
[Result "1/2-1/2"]
[WhiteElo "2498"]
[BlackElo "2379"]

1.d4 c5 2.d5 Nf6 3.Nf3 e6 4.c4 exd5 5.cxd5 d6 6.Nc3 g6 7.Nd2 Nbd7 8.e4 Bg7
9.Nc4 Nb6 10.Ne3 O-O 11.Bd3 Bd7 12.O-O Rb8 13.a4 a6 14.f4 Re8 15.Qf3 Qc7
16.Kh1 Rbd8 17.a5 Nc8 18.f5 Bb5 19.Nc4 Bxc4 20.Bxc4 Qe7 21.fxg6 fxg6 22.Bg5 Rf8
23.Qh3 Rf7 24.Qe6 h6 25.e5 hxg5 26.exf6 Bxf6 27.Ne4 Be5 28.Nxg5 Qxe6 29.Nxe6 Re8
30.Rxf7 Kxf7 31.Ra3 b5 32.axb6 Nxb6 33.Ba2 c4  1/2-1/2

[Event "6th North Am FIDE Inv"]
[Site "Chicago USA"]
[Date "2007.10.31"]
[Round "5"]
[White "Mokriak,L"]
[Black "Chow,A"]
[Result "0-1"]
[WhiteElo "2174"]
[BlackElo "2214"]

1.d4 Nf6 2.c4 c5 3.d5 e6 4.Nc3 exd5 5.cxd5 d6 6.Nf3 g6 7.e4 Bg7 8.Be2 O-O
9.h3 Re8 10.Bg5 h6 11.Bxf6 Bxf6 12.Nd2 Na6 13.O-O Nc7 14.a4 b6 15.Qc2 Rb8
16.Rae1 a6 17.f4 b5 18.axb5 axb5 19.Nf3 b4 20.Nd1 b3 21.Qb1 Rb4 22.Nf2 Bg7
23.Nd2 Bd4 24.Kh1 Be3 25.Qd3 Bxf4 26.Nxb3 Qg5 27.Qf3 Qg3 28.Qxg3 Bxg3 29.Nd2 Rxb2
30.Nc4 Rc2 31.e5 Ba6 32.Ne4 Bxe1 33.Nf6+ Kf8 34.Nxd6 Rxe5 35.Bxa6 Nxa6 36.Nd7+ Ke7
37.Nxe5 Kxd6 38.Nxf7+ Kxd5 39.Rxe1 h5 40.Ne5 g5 41.Nf7 g4 42.Re5+ Kd4 43.hxg4 Rf2
44.Rf5 Rxf5 45.gxf5 Nc7 46.Kg1 Ke4 47.Nd6+ Ke5 48.Nb7 Na6 49.Kf2 Kxf5 50.Kf3 Ke5
51.g4 hxg4+ 52.Kxg4 c4 53.Na5 c3 54.Kf3 c2 55.Nb3 Nc5 56.Nc1 Kd4 57.Na2 Na4
58.Kf2 Nc3 59.Nc1 Ke4 60.Nb3 Kd3 61.Nc1+ Kd2 62.Nb3+ Kd1 63.Ke3 Nb1 64.Kd3 Nd2  0-1

[Event "20th Belgrade Trophy"]
[Site "Belgrade SRB"]
[Date "2007.11.22"]
[Round "1"]
[White "Djurdjevic,P2"]
[Black "Prelevic,D"]
[Result "0-1"]
[WhiteElo "2024"]
[BlackElo "2352"]

1.d4 Nf6 2.c4 c5 3.d5 e6 4.Nc3 exd5 5.cxd5 d6 6.Nf3 g6 7.Nd2 Nbd7 8.e4 Bg7
9.Be2 O-O 10.Qc2 Re8 11.O-O Ne5 12.b3 Nfg4 13.Bb2 f5 14.h3 Nh6 15.Nd1 fxe4
16.Nxe4 Bf5 17.f3 Nhf7 18.Ndf2 Ng5 19.Rae1 Qb6 20.Bc1 Nxe4 21.fxe4 Bd7 22.Be3 Qd8
23.Qd2 b5 24.Bg5 Qb6 25.Kh1 a5 26.Qf4 a4 27.Qh4 axb3 28.axb3 Ra3 29.Bd1 Ra1
30.Bg4 Rxe1 31.Rxe1 Bxg4 32.Nxg4 Nxg4 33.Qxg4 Qc7 34.Rf1 c4 35.bxc4 Qxc4
36.Re1 Qc3 37.Rc1 Qe5 38.Re1 b4 39.Bf4 Qe7 40.Qg3 Be5 41.Bxe5 Qxe5 42.Qxe5 Rxe5
43.Kg1 Re8 44.Kf2 b3 45.Ke3 b2 46.Rb1 Rb8 47.Kd3 Kf7 48.Rf1+ Ke7 49.Kc2 Rb4
50.Rb1 Rxe4 51.Kxb2 Rb4+ 52.Kc2 Rxb1  0-1

[Event "WYg16"]
[Site "Kemer TUR"]
[Date "2007.11.26"]
[Round "9"]
[White "Uthra,P"]
[Black "Cunanan,K"]
[Result "1-0"]
[WhiteElo "2055"]
[BlackElo "1970"]

1.d4 Nf6 2.c4 e6 3.Nf3 c5 4.d5 exd5 5.cxd5 d6 6.Nc3 g6 7.e4 Bg7 8.h3 O-O
9.Bd3 Na6 10.O-O Nc7 11.a4 b6 12.Bf4 Ba6 13.Nb5 Bxb5 14.axb5 Re8 15.Re1 Qd7
16.Qb3 h6 17.Ra3 Bf8 18.Bh2 Kh7 19.Re2 Kg8 20.Nd2 a6 21.bxa6 b5 22.a7 c4
23.Nxc4 bxc4 24.Qxc4 Rec8 25.Rc2 Nfe8 26.Bf4 Rd8 27.Be3 Rac8 28.Qa2 Na8 29.b4 Rxc2
30.Qxc2 Qb7 31.b5 Nec7 32.Ra5 Bg7 33.Qc6 Qxc6 34.dxc6 Bc3 35.Ra4 d5 36.b6  1-0

[Event "20th Belgrade Trophy"]
[Site "Belgrade SRB"]
[Date "2007.11.28"]
[Round "7"]
[White "Dunjic,D"]
[Black "Zivanovic,B"]
[Result "1-0"]
[WhiteElo "2033"]
[BlackElo "1858"]

1.d4 Nf6 2.c4 c5 3.d5 e6 4.Nc3 exd5 5.cxd5 d6 6.Nf3 g6 7.Nd2 Bg7 8.e4 O-O
9.Be2 a6 10.a4 Nbd7 11.O-O Ne5 12.f4 Ned7 13.Bf3 Re8 14.Nc4 Nb6 15.Na3 Rb8
16.Kh1 Na8 17.e5 dxe5 18.fxe5 Nd7 19.e6 fxe6 20.dxe6 Ne5 21.Bd5 Bxe6 22.Bxe6+ Rxe6
23.Qb3 Qb6 24.Qa2 Re8 25.Nd5 Qd8 26.Nf4 Nc7 27.Be3 Ng4 28.Bxc5 Kh8 29.Nxe6 Nxe6
30.Bg1 Qc7 31.Qc4 Qxc4 32.Nxc4 Rc8 33.Nd6 Rc7 34.Rae1 Re7 35.Rf7 Rxf7 36.Nxf7+ Kg8
37.Rxe6 Kxf7 38.Rb6  1-0

[Event "WYb16"]
[Site "Kemer TUR"]
[Date "2007.11.28"]
[Round "11"]
[White "Ashwath,R"]
[Black "Filippas,S"]
[Result "1-0"]
[WhiteElo "2374"]
[BlackElo "2199"]

1.d4 Nf6 2.c4 e6 3.Nf3 c5 4.d5 d6 5.Nc3 exd5 6.cxd5 g6 7.e4 Bg7 8.Be2 O-O
9.O-O Bg4 10.Nd2 Bxe2 11.Qxe2 a6 12.a4 Nbd7 13.Nc4 Nb6 14.Na3 Re8 15.Qc2 Qe7
16.f3 Nh5 17.g4 Nf6 18.Bf4 h5 19.h3 hxg4 20.hxg4 Rad8 21.Qh2 Nh7 22.Kg2 g5
23.Bg3 a5 24.Rfc1 Nf8 25.Ncb5 Qf6 26.Rab1 Ng6 27.Rf1 Bf8 28.b3 Rd7 29.Rh1 Bg7
30.Rhf1 Bf8 31.Nc4 Nxc4 32.bxc4 Qd8 33.Rh1 Bg7 34.Bxd6 Nh4+ 35.Kf2 Qf6 36.Bf4 Ng6
37.Bd2 Nh4 38.Bf4 Ng6 39.Bd2 Nh4 40.Qg3 Rxe4 41.Bxg5 Qxg5 42.fxe4 Qd2+ 43.Kf1 Qc2
44.Na3 Qxe4 45.Rxh4 Be5 46.Qg2 Qd3+ 47.Qe2 Qxa3 48.Rh2 Rd6 49.Rh5 Rf6+ 50.Rf5 Qxa4
51.Qxe5  1-0

[Event "Open"]
[Site "Rijeka CRO"]
[Date "2007.11.29"]
[Round "6"]
[White "Muhvic,D"]
[Black "Zufic,M"]
[Result "0-1"]
[WhiteElo "2249"]
[BlackElo "2452"]

1.d4 Nf6 2.Nf3 c5 3.d5 e6 4.c4 exd5 5.cxd5 d6 6.Nc3 g6 7.h3 Bg7 8.e4 O-O
9.Bd3 Re8 10.O-O Nh5 11.Bg5 Bf6 12.Be3 Nd7 13.Re1 Ne5 14.Be2 Nxf3+ 15.Bxf3 Ng7
16.Bf4 a6 17.a4 Rb8 18.Qd3 Be5 19.Bxe5 Rxe5 20.Be2 f5 21.f4 Re8 22.Bf3 fxe4
23.Bxe4 Qh4 24.Rf1 Bf5 25.g4 Bd7 26.Bg2 h5 27.Qxg6 hxg4 28.hxg4 Bxg4 29.Ne4 Bf5
30.Nf6+ Kh8 31.Qg5 Qxg5 32.fxg5 Re5 33.Rae1 Rxe1 34.Rxe1 b5 35.a5 Bg6 36.Kf2 Nf5
37.Be4 Kg7 38.Kf3 Nd4+ 39.Kf4 Rh8 40.Kg3 c4 41.Bg2 Nf5+ 42.Kf2 b4 43.Rc1 Rc8
44.Be4 Nd4 45.Ke3 Nb3 46.Rh1 c3 47.bxc3 bxc3 48.Nh5+ Bxh5 49.Rxh5 Re8 50.Kd3 Rxe4
51.Kxc3 Nxa5 52.Rh1 Nc4 53.Ra1 Nb6 54.Rxa6 Nxd5+ 55.Kd3 Re6 56.Kd4 Ne7 57.Ra1 Kg6
58.Rg1 Re5 59.Ra1 Nf5+ 60.Kd3 Kxg5 61.Rg1+ Kf6 62.Rg8 d5 63.Rf8+ Ke7 64.Ra8 Re3+
65.Kd2 Rh3 66.Ra6 Nd6 67.Ra1 Ke6 68.Re1+ Ne4+ 69.Kc2 Ke5 70.Rg1 d4 71.Rg8 d3+
72.Kb2 Kd4 73.Rd8+ Ke3  0-1

[Event "TCh-BEL 2007-8"]
[Site "Belgium BEL"]
[Date "2007.12.02"]
[Round "5"]
[White "Bertrem,S"]
[Black "Nuesken,N"]
[Result "1-0"]
[WhiteElo "2212"]
[BlackElo "2338"]

1.d4 Nf6 2.c4 e6 3.Nf3 c5 4.d5 exd5 5.cxd5 d6 6.Nc3 g6 7.e4 a6 8.a4 Bg4 9.Be2 Bxf3
10.Bxf3 Nbd7 11.O-O Bg7 12.Bf4 Qe7 13.e5 dxe5 14.d6 Qe6 15.Bxb7 Rb8 16.Bd5 Nxd5
17.Nxd5 O-O 18.Bg5 Rxb2 19.Nc7 Qf5 20.Bc1 Rb7 21.Qd5 Rb4 22.Ra3 Rd4 23.Qc6 e4
24.Be3 Ne5 25.Qxa6 Rd3 26.Rxd3 Nxd3 27.Qc6 Rd8 28.a5 Be5 29.Nb5 Bf4 30.a6 Ne5
31.Qc7 Rc8 32.Bxf4 Rxc7 33.dxc7 Nf3+ 34.gxf3 exf3 35.Nd6  1-0

[Event "Open"]
[Site "Ascona SUI"]
[Date "2007.12.03"]
[Round "1"]
[White "Remensberger,P"]
[Black "Cornette,M"]
[Result "0-1"]
[WhiteElo "2063"]
[BlackElo "2494"]

1.d4 Nf6 2.c4 e6 3.Nf3 c5 4.d5 d6 5.Nc3 exd5 6.cxd5 g6 7.g3 Bg7 8.Bg2 O-O
9.O-O Re8 10.h3 a6 11.a4 Nbd7 12.Nd2 Nh5 13.Nc4 Ne5 14.Na3 Bd7 15.Kh2 b5
16.Ne4 b4 17.Nb1 Qe7 18.f4 Nc4 19.Qc2 Bxb2 20.Bxb2 Ne3 21.Qc1 Nxg2 22.Nbd2 Bf5
23.Nf2 Qe3 24.Nh1 Ngxf4 25.gxf4 Qxh3+ 26.Kg1 Ng3  0-1

[Event "Parsvnath ch-Commonwealth"]
[Site "New Delhi IND"]
[Date "2007.12.05"]
[Round "4"]
[White "Sachdev,T"]
[Black "Sahu,Se"]
[Result "1-0"]
[WhiteElo "2413"]
[BlackElo "2250"]

1.d4 Nf6 2.c4 e6 3.Nf3 c5 4.d5 exd5 5.cxd5 d6 6.Nc3 g6 7.h3 Bg7 8.e4 O-O
9.Bg5 Re8 10.Bd3 a6 11.a4 c4 12.Bc2 Nbd7 13.O-O Qc7 14.Re1 b6 15.Be3 Nc5
16.Bd4 Bb7 17.Nd2 Ncd7 18.Bb1 Nh5 19.Be3 Ne5 20.f4 Nd7 21.Qf3 Re7 22.Ba2 Bxc3
23.bxc3 b5 24.Bd4 Rc8 25.Re3 f6 26.Rb1 Ra8 27.Rb4 Ne5 28.Qf1 Nd3 29.Rxd3 cxd3
30.g4 f5 31.e5 a5 32.Rxb5 fxg4 33.hxg4 Ng3 34.Qxd3 Ba6 35.Qxg3 Bxb5 36.axb5 Rb8
37.Ne4 Rxb5 38.exd6 Qb8 39.dxe7 Rb1+ 40.Bxb1 Qxb1+ 41.Kh2 Qxe4 42.Qe3  1-0

[Event "UTD GM Invitational"]
[Site "Richardson USA"]
[Date "2007.12.06"]
[Round "1"]
[White "Zhao Jun"]
[Black "Boskovic,D"]
[Result "1-0"]
[WhiteElo "2552"]
[BlackElo "2465"]

1.d4 Nf6 2.c4 c5 3.d5 e6 4.Nc3 exd5 5.cxd5 d6 6.Nf3 g6 7.Nd2 Bg7 8.e4 O-O
9.Be2 Na6 10.O-O Nc7 11.a4 b6 12.Re1 Re8 13.h3 Rb8 14.Bb5 Rf8 15.Nc4 Bb7
16.Bf4 Nfe8 17.e5 dxe5 18.Nxe5 Nxd5 19.Nxd5 Qxd5 20.Qxd5 Bxd5 21.Nd7 a6 22.Bxb8 axb5
23.Nxf8 Kxf8 24.axb5 Bxb2 25.Rad1 Bd4 26.Ba7 Bb3 27.Rxd4 cxd4 28.Bxb6  1-0

[Event "Parsvnath ch-Commonwealth"]
[Site "New Delhi IND"]
[Date "2007.12.09"]
[Round "9"]
[White "Sriram,J"]
[Black "Rathnakaran,K"]
[Result "1/2-1/2"]
[WhiteElo "2458"]
[BlackElo "2433"]

1.d4 Nf6 2.c4 c5 3.d5 e6 4.Nc3 exd5 5.cxd5 d6 6.Nf3 a6 7.a4 g6 8.Nd2 Nbd7
9.e4 Rb8 10.Be2 Bg7 11.O-O O-O 12.Qc2 Re8 13.Re1 Ne5 14.Nf1 c4 15.a5 b5 16.axb6 Qxb6
17.Ne3 Nfg4 18.Ncd1 Qb4 19.Rf1 Nxe3 20.Nxe3 Bd7 21.Rxa6 Bb5 22.Ra3 Nd3 23.Nxc4 Nxc1
24.Rxc1 Bxc4 25.Bxc4 Bxb2 26.Rb3 Bxc1 27.Rxb4 Rxb4 28.Qxc1 Rc8 29.g3 Rcxc4
30.Qf4 Rxe4 31.Qxd6 Rbd4 32.Qb8+ Kg7 33.Qb2 Re1+ 34.Kg2 Rd1 35.d6 h5 36.h4 Rd2
37.Qc3 Rd3 38.Qb2  1/2-1/2

[Event "7th Amplico AIG Life"]
[Site "Warsaw POL"]
[Date "2007.12.15"]
[Round "1"]
[White "Drozdovskij,Y"]
[Black "Walas,A"]
[Result "1-0"]
[WhiteElo "2567"]
[BlackElo "1846"]

1.d4 Nf6 2.c4 e6 3.Nc3 c5 4.d5 exd5 5.cxd5 d6 6.Nf3 g6 7.Nd2 Bg7 8.Nc4 O-O
9.Bf4 Ne8 10.Qd2 Bxc3 11.bxc3 b5 12.Nb2 Qf6 13.e3 c4 14.a4 b4 15.Rc1 bxc3
16.Qxc3 Qxc3+ 17.Rxc3 Nf6 18.Bxc4 Bb7 19.Bxd6 Ne4 20.Bxf8 Nxc3 21.Bh6 Nxd5
22.O-O Nd7 23.Bb5 Nf8 24.Rc1 a6 25.Bf1 Ne6 26.Nc4 Rc8 27.Rb1 Bc6 28.a5 Bb5
29.Nd6 Nc3 30.Nxc8 Nxb1 31.Bxb5 axb5 32.Ne7+ Kh8 33.a6 Nc7 34.Bf4  1-0

[Event "TCh-HUN 2007-8"]
[Site "Budapest HUN"]
[Date "2007.12.16"]
[Round "5"]
[White "Berczes,D"]
[Black "Bacso,G"]
[Result "1-0"]
[WhiteElo "2430"]
[BlackElo "2153"]

1.d4 Nf6 2.c4 c5 3.d5 e6 4.Nc3 exd5 5.cxd5 d6 6.Nf3 g6 7.Nd2 Nbd7 8.e4 Bg7
9.Be2 a6 10.a4 O-O 11.O-O Re8 12.f4 Qc7 13.Kh1 h6 14.Qc2 Rb8 15.b3 Nh5 16.Bb2 Ndf6
17.Rae1 Ng4 18.Qd3 Qe7 19.Bxg4 Bxg4 20.a5 Bd7 21.Nc4 Bb5 22.e5 dxe5 23.fxe5 Bxc4
24.bxc4 Qg5 25.Ne4 Qh4 26.Qf3 Bxe5 27.Qxf7+ Kh8 28.g3 Qg4 29.Nf2 Nxg3+ 30.hxg3 Qh5+
31.Kg2 Bxb2 32.Rxe8+  1-0

[Event "7th Amplico AIG Life"]
[Site "Warsaw POL"]
[Date "2007.12.16"]
[Round "11"]
[White "Grabarczyk,M"]
[Black "Vuilleumier,A"]
[Result "1-0"]
[WhiteElo "2464"]
[BlackElo "2315"]

1.d4 Nf6 2.c4 c5 3.d5 e6 4.Nc3 exd5 5.cxd5 d6 6.Nf3 g6 7.h3 Bg7 8.e4 O-O
9.Bd3 b5 10.Bxb5 Nxe4 11.Nxe4 Qa5+ 12.Nfd2 Qxb5 13.Nxd6 Qa6 14.N2c4 Nd7 15.O-O Nb6
16.Nxb6 Qxb6 17.Nxc8 Raxc8 18.Re1 Rfd8 19.Bg5 Rd7 20.Re7 Rxe7 21.Bxe7 Bf6
22.d6 Bxe7 23.dxe7 Re8 24.Qd7 Qb8 25.Rd1 Kg7 26.b3 a6 27.Qd8 Qb5 28.Rd7  1-0

[Event "Weihnachtsopen Meister"]
[Site "Zurich SUI"]
[Date "2007.12.27"]
[Round "2"]
[White "Hasenohr,B"]
[Black "Nuri,Kam"]
[Result "0-1"]
[WhiteElo "2050"]
[BlackElo "2122"]

1.d4 c5 2.d5 Nf6 3.c4 e6 4.Nc3 d6 5.Nf3 exd5 6.cxd5 g6 7.h3 Bg7 8.Bf4 O-O
9.e3 a6 10.a4 Nh5 11.Bh2 f5 12.Be2 f4 13.e4 Qe8 14.Nd2 Nd7 15.Bxh5 gxh5 16.Qe2 Ne5
17.Nf3 Rb8 18.Nxe5 Bxe5 19.h4 b5 20.axb5 axb5 21.Qc2 Qe7 22.g3 f3 23.Nd1 Bf5
24.Ra3 Bg6 25.Re3 Bd4  0-1

[Event "Weihnachtsopen Meister"]
[Site "Zurich SUI"]
[Date "2007.12.28"]
[Round "4"]
[White "Gantner,M"]
[Black "Kurmann,O"]
[Result "0-1"]
[WhiteElo "2182"]
[BlackElo "2396"]

1.d4 Nf6 2.Nf3 e6 3.c4 c5 4.d5 exd5 5.cxd5 d6 6.Nc3 g6 7.e4 Bg7 8.Qa4+ Bd7
9.Qb3 Qc7 10.Bd3 O-O 11.O-O Na6 12.Re1 Rfe8 13.Rb1 Rab8 14.Bxa6 bxa6 15.Qc2 h6
16.Bf4 Nh5 17.Bg3 f5 18.exf5 Bxf5 19.Rxe8+ Rxe8 20.Qa4 Kf7 21.Rc1 Qb6 22.b3 g5
23.Qc4 Nxg3 24.hxg3 Qa5 25.Kh2 Qa3 26.Qf1 Qb2 27.Na4 Qxa2 28.Qxa6 Qxb3 29.Nxc5 dxc5
30.Qxa7+ Re7 31.Qxc5 Rd7 32.d6 Be6 33.Re1 Qd5 34.Qc2 Rxd6 35.Qc7+ Rd7 36.Qb6 Bf6
37.Re2 Qd6 38.Qb1 Kg7 39.Rd2 Qc7 40.Rxd7+ Qxd7 41.Qb8 Qe7 42.Qb6 Bd5 43.g4 Be6
44.Kg3 Qd7 45.Qb4 h5 46.Nxg5 Bxg5 47.gxh5 Qf7 48.Qd6 Qf5 49.f3 Be3 50.Qb4 Qg5+
51.Kh2 Qxh5+ 52.Kg3 Qg5+  0-1

[Event "5th TCh-Asia w"]
[Site "Visakhpatnam IND"]
[Date "2008.01.07"]
[Round "5"]
[White "Le Thanh Tu"]
[Black "Swathi,G"]
[Result "0-1"]
[WhiteElo "2336"]
[BlackElo "2337"]

1.d4 Nf6 2.c4 c5 3.d5 e6 4.Nc3 exd5 5.cxd5 d6 6.Nf3 g6 7.g3 Bg7 8.Bg2 O-O
9.O-O Na6 10.Nd2 Nc7 11.Nc4 Re8 12.a4 b6 13.Nxd6 Qxd6 14.Bf4 Qd7 15.d6 Ne6
16.Bxa8 Nxf4 17.gxf4 Qg4+ 18.Kh1 Qxf4 19.Qd3 Bd7 20.Bg2 Qh6 21.Rae1 Ng4 22.Qg3 Be5
23.f4 Bf6 24.Bh3 Re3 25.Rf3 Rxf3 26.exf3 Bh4 27.Re8+ Kg7 28.Qg2 Nf2+ 29.Qxf2 Bxf2
30.Bxd7 Qxf4 31.Kg2 Qxd6 32.Bb5 Bd4 33.Ne4 Qf4 34.b3 Be5 35.Ng3 h5 36.Bc4 h4
37.Nf1 Qg5+ 38.Kh3 Qf5+ 39.Kg2 h3+ 40.Kf2 Bd4+ 41.Ke2 Qc2+ 42.Nd2 Bf6 43.Re3 Kf8
44.Rd3 Bg5 45.Rd7 f5 46.Ke1 Qc1+ 47.Ke2 Qg1  0-1

[Event "Masters"]
[Site "Liege BEL"]
[Date "2008.01.10"]
[Round "7"]
[White "Godart,F"]
[Black "Ringoir,T"]
[Result "0-1"]
[WhiteElo "2035"]
[BlackElo "2229"]

1.d4 Nf6 2.c4 e6 3.Nf3 c5 4.d5 exd5 5.cxd5 d6 6.Nc3 g6 7.h3 a6 8.a4 Qe7 9.Bg5 Bg7
10.Nd2 O-O 11.e4 Nbd7 12.Be2 h6 13.Bh4 g5 14.Bg3 Ne5 15.O-O Bd7 16.Qc2 Ne8
17.Qb3 Bc8 18.Nc4 Nxc4 19.Qxc4 Qc7 20.f4 Qb6 21.Rab1 Qb4 22.Qxb4 cxb4 23.Na2 a5
24.fxg5 hxg5 25.Bb5 Bd4+ 26.Kh2 Bc5 27.Rbc1 f5 28.exf5 Bxf5 29.Rce1 Nc7 30.Re7 Nxb5
31.axb5 b6 32.Rfe1 a4 33.Rc7 Rae8 34.Ra7 a3 35.b3 Bc2 36.Nc1 Rxe1 37.Bxe1 Bb1
38.Bd2 Rf5 39.Ra4 a2 40.Nxa2 Rf2  0-1

[Event "Open A"]
[Site "Prague CZE"]
[Date "2008.01.15"]
[Round "5"]
[White "Spirin,O"]
[Black "Zvara,P"]
[Result "1-0"]
[WhiteElo "2404"]
[BlackElo "2398"]

1.d4 Nf6 2.c4 c5 3.d5 e6 4.Nc3 exd5 5.cxd5 d6 6.Nf3 g6 7.g3 Bg7 8.Bg2 O-O
9.O-O a6 10.a4 Re8 11.Bf4 Nh5 12.Bg5 Qc7 13.h3 Nd7 14.Re1 Rb8 15.Rc1 h6 16.Bd2 Nhf6
17.e4 b5 18.axb5 axb5 19.b4 Qb6 20.Rb1 Ba6 21.Bf1 Ne5 22.Nxe5 Rxe5 23.Qf3 c4
24.Be3 Qd8 25.Bd4 Re8 26.Ra1 Bc8 27.Ra7 Nd7 28.Bxg7 Kxg7 29.Qe3 Qf6 30.f4 g5
31.Be2 Qg6 32.Kh2 Kg8 33.Qd4 Nf6 34.e5 dxe5 35.fxe5 Qf5 36.Bf1 Nd7 37.e6 fxe6
38.Rxe6 Rxe6 39.dxe6 Qxe6 40.Bg2 Kf8 41.Qh8+ Ke7 42.Qg7+ Kd8 43.Qh8+ Ke7
44.Nd5+ Kd6 45.Qd8 Ke5 46.Rxd7 Bxd7 47.Qxb8+ Kd4 48.Qa7+ Kd3 49.Qa3+ Kc2
50.Qc3+ Kb1 51.Qd2  1-0

[Event "6th Parsvnath Open"]
[Site "New Delhi IND"]
[Date "2008.01.19"]
[Round "9"]
[White "Roktim,B"]
[Black "Kunte,A"]
[Result "1/2-1/2"]
[WhiteElo "2373"]
[BlackElo "2550"]

1.d4 Nf6 2.Nf3 e6 3.c4 c5 4.d5 exd5 5.cxd5 d6 6.Nc3 g6 7.e4 Bg7 8.h3 O-O
9.Bd3 a6 10.a4 Nbd7 11.O-O Qe7 12.Re1 Re8 13.Bf4 Nh5 14.Bg5 Bf6 15.Be3 Ne5
16.Be2 Nxf3+ 17.Bxf3 Ng7 18.Qd2 Bd7 19.a5 Rab8 20.Na4 Bxa4  1/2-1/2

[Event "ch-Kyiv Men"]
[Site "Kyiv UKR"]
[Date "2008.01.23"]
[Round "4"]
[White "Vdovichenko,V"]
[Black "Baklanova,T"]
[Result "1-0"]
[WhiteElo "2208"]
[BlackElo "2257"]

1.d4 Nf6 2.c4 c5 3.d5 e6 4.Nc3 exd5 5.cxd5 d6 6.Nf3 g6 7.e4 Bg4 8.Qb3 Bxf3
9.Qxb7 Bxg2 10.Bxg2 Nbd7 11.O-O Qb8 12.Qc6 a6 13.Bg5 Ng4 14.e5 Nxe5 15.Rfe1 f6
16.Bxf6 Kf7 17.Bxh8 Nxc6 18.dxc6 Nb6 19.Nd5 Kg8 20.c7 Qa7 21.Nxb6 Qxb6 22.Bc3 h5
23.Bxa8 Qxc7 24.Bd5+ Kh7 25.Re8 Bg7 26.Rae1 Qd7 27.R8e7 Qg4+ 28.Kh1 Qg5 29.Rxg7+ Kh6
30.Rxg6+  1-0

[Event "GMA2"]
[Site "Marianske Lazne CZE"]
[Date "2008.01.23"]
[Round "6"]
[White "Smith,Ax"]
[Black "Hedman,E"]
[Result "1/2-1/2"]
[WhiteElo "2458"]
[BlackElo "2396"]

1.d4 Nf6 2.c4 e6 3.Nf3 c5 4.d5 d6 5.Nc3 exd5 6.cxd5 g6 7.Bf4 a6 8.a4 Qe7
9.h3 Nbd7 10.e3 Bg7 11.Bd3 O-O 12.O-O Nh5 13.Bg5 f6 14.Bh4 g5 15.Nd2 Ne5
16.Be2 gxh4 17.Bxh5 f5 18.Ne2 Rb8 19.Qc2 Bd7 20.Nf4 Qf6 21.Be2  1/2-1/2

[Event "ch-Kyiv Men"]
[Site "Kyiv UKR"]
[Date "2008.01.25"]
[Round "5"]
[White "Karnaukh,A"]
[Black "Zakharchenko,A"]
[Result "1/2-1/2"]
[WhiteElo "2246"]
[BlackElo "2309"]

1.d4 Nf6 2.Nf3 c5 3.d5 e6 4.c4 exd5 5.cxd5 d6 6.Nc3 g6 7.Bg5 Nbd7 8.e4 h6
9.Bh4 g5 10.Bg3 Nh5 11.Be2 a6 12.a4 Nxg3 13.hxg3 Bg7 14.Nd2 b6 15.Nc4 Ne5
16.Ne3 O-O 17.g4 Re8 18.Qc2 Qc7 19.O-O Qe7 20.g3 Ng6 21.Nf5 Bxf5 22.gxf5 Nf8
23.Rfe1 Nd7 24.f3 Bd4+ 25.Kg2 g4 26.Rh1 gxf3+ 27.Bxf3 Bg7 28.Rh4 Qg5 29.Re1 Nf6
30.Rf4 Re5 31.Rh1 Kf8 32.Qd1 Ng8 33.Qf1 Qe7 34.Be2 Bf6 35.Bxa6 Bg5 36.Bd3 Nf6
37.Bc2  1/2-1/2